000 00306nam a22001217a 4500
008 160519b xxu||||| |||| 00| 0 eng d
020 _a9780023545351
020 _a0023545356
041 _aeng
080 _a159.9
245 _aIntroduction to early childhood educatio:
_cVerna Hildebrand;
942 _2udc
_cBK
999 _c2246
_d2246